000
00311nam a2200121Ia 4500
008
220204s9999 xx 000 0 und d
082
_a
030=111=112.2
_b
GER
100
_a
Roy, Dietrich
245
0
_a
Langenscheidt standard German dictionary
250
_a
6
260
_a
Berlin
_b
Langenscheidt
_c
1970
942
_c
BK
999
_c
25532
_d
25532